[Event "Joao Pessoa Fischer Memorial 7th"]
[Site "Joao Pessoa"]
[Date "2016.03.13"]
[Round "5"]
[White "Camara, Jose Arruda"]
[Black "De Souto, Hiarly Fernandes"]
[Result "1-0"]
[WhiteElo "1889"]
[BlackElo "1800"]
[PlyCount "125"]
[EventDate "2016.03.11"]
[EventType "swiss"]
[EventRounds "6"]
[EventCountry "BRA"]
[SourceTitle "CBM 171 Extra"]
[Source "ChessBase"]
[SourceDate "2016.04.26"]
[SourceVersion "1"]
[SourceVersionDate "2016.04.26"]
[SourceQuality "1"]

1. e4 e5 2. Nf3 Nc6 3. Bc4 Be7 4. d4 exd4 5. Nxd4 Nxd4 6. Qxd4 Bf6 7. Qd5 Qe7 8. 0-0 c6 9. Qd3 d6 10. Nc3 Be6 11. Be3 b5 12. Bxe6 Qxe6 13. Rad1 Be7 14. Ne2 Nf6 15. Nd4 Qxe4 16. Qxe4 Nxe4 17. Nxc6 Rc8 18. Nxe7 Kxe7 19. Rfe1 Kd7 20. Bxa7 Ng5 21. Rd5 Ne6 22. Red1 Rc6 23. Be3 Ra8 24. a3 Raa6 25. c3 Ra5 26. g3 Kc7 27. c4 Rxc4 28. Rxd6 Kc8 29. Rd7 Rc2 30. Rxf7 Rxb2 31. Re7 Ra6 32. Rd5 Rc2 33. Re5 Rcc6 34. Rxb5 Rxa3 35. h4 Kd8 36. Reb7 Rac3 37. Kg2 Ke8 38. Re5 Kf8 39. h5 h6 40. Rf5+ Kg8 41. Rff7 Rc7 42. Rfxc7 Rxc7 43. Rxc7 Nxc7 44. g4 Kh7 45. Kf3 g6 46. Ke4 Kg7 47. Ke5 Nb5 48. f4 Nc7 49. hxg6 Kxg6 50. f5+ Kg7 51. Kd6 Ne8+ 52. Ke7 Nc7 53. Bd4+ Kh7 54. Kd7 Nd5 55. Kd6 Nf4 56. Bf6 Nh3 57. Bh4 Nf4 58. Ke7 Ng2 59. Bg3 Ne3 60. f6 Nf5+ 61. Ke6 Kg6 62. f7 Kg7 63. Be5+ 1-0

[Event "Joao Pessoa Fischer Memorial 7th"]
[Site "Joao Pessoa"]
[Date "2016.03.13"]
[Round "6"]
[White "De Souto, Hiarly Fernandes"]
[Black "Frankental, David"]
[Result "1/2-1/2"]
[WhiteElo "1800"]
[BlackElo "1769"]
[PlyCount "35"]
[EventDate "2016.03.11"]
[EventType "swiss"]
[EventRounds "6"]
[EventCountry "BRA"]
[SourceTitle "CBM 171 Extra"]
[Source "ChessBase"]
[SourceDate "2016.04.26"]
[SourceVersion "1"]
[SourceVersionDate "2016.04.26"]
[SourceQuality "1"]

1. d4 d5 2. c4 c6 3. Nc3 Nf6 4. Nf3 e6 5. Bg5 Nbd7 6. e3 Bb4 7. a3 Bxc3+ 8. bxc3 Qa5 9. Qb3 dxc4 10. Qb4 Qxb4 11. axb4 b5 12. Bxf6 Nxf6 13. g3 Ne4 14. Ra3 Bb7 15. Bg2 Ke7 16. Ne5 f6 17. Bxe4 fxe5 18. dxe5 1/2-1/2

[Event "Joao Pessoa Fischer Memorial 7th"]
[Site "Joao Pessoa"]
[Date "2016.03.11"]
[Round "1"]
[White "De Souto, Hiarly Fernandes"]
[Black "Melo, Alberto Vieira"]
[Result "0-1"]
[WhiteElo "1800"]
[BlackElo "1958"]
[PlyCount "72"]
[EventDate "2016.03.11"]
[EventType "swiss"]
[EventRounds "6"]
[EventCountry "BRA"]
[SourceTitle "CBM 171 Extra"]
[Source "ChessBase"]
[SourceDate "2016.04.26"]
[SourceVersion "1"]
[SourceVersionDate "2016.04.26"]
[SourceQuality "1"]

1. d4 Nf6 2. c4 c5 3. d5 b5 4. Bg5 Ne4 5. Bd2 Nxd2 6. Nxd2 d6 7. e4 g6 8. Ngf3 Bg7 9. Rb1 b4 10. Nb3 0-0 11. Bd3 a5 12. a4 Nd7 13. 0-0 Nb6 14. Nbd2 b3 15. e5 Bd7 16. Qxb3 Bxa4 17. Qc3 Bd7 18. b3 Qc7 19. exd6 exd6 20. Qc2 a4 21. bxa4 Bxa4 22. Qc1 Bd7 23. h4 Bg4 24. Re1 Ra2 25. Re3 Na4 26. Qe1 Bc3 27. Re2 Bxf3 28. gxf3 Qa5 29. Rd1 Nb2 30. Nb3 Qb4 31. Qf1 Qxb3 32. Rb1 Qa3 33. Be4 f5 34. Bxf5 Rxf5 35. Qh3 Be5 36. f4 Qxh3 0-1